Дело о возмещении артистам расходов при их бенефисах

Доступно только в Электронных читальных залах Найти на картеНа карте
RUSMARC
00003999nmc2a22000003x 450
0018effafe2-9ebe-440d-a70b-0542d57b2900
00520181127030843.0
100##$a20161226l18231824k l0rusy0189 ca
1010#$arus
102##$aRU
2001#$aДело о возмещении артистам расходов при их бенефисах
$j10 января 1823 г. - 18 февраля 1824 г.
251##$cДело
300##$aДело
300##$aОриг. заголовок дела: Дело о выдаче артистам за расходы, сделанные прибывших в пользу их спектаклях. 10 января 1823 г. - 18 февраля 1824 г
801#0$aRU
$bРГИА
$c20161226
$gRCR
801#1$aRU
$bГлавНИВЦ
$c20161226
$2rusmarc
801#2$aRU
$bПБ им. Б.Н. Ельцина
$c20181127
$gRCR
$2rusmarc
850##$aРГИА
852##$aРГИА
$eФедеральное казенное учреждение "Российский государственный исторический архив" (РГИА)
$j2453
937##$hРГИА
$d12237634
$aASBIBLIO_SCAN
462#0$1001dd3991dc-24e1-42ec-8838-ca4255420416
$12001
$a1746-1850 гг.
$1251
$cОпись
$1852
$j1
461#0$10019264ebf8-de62-4f1a-9eb4-9f22098dbbd5
$12001
$aДирекция императорских театров МИДв
$1251
$cФонд
$1852
$j497
215##$a53 л.
$d36,5х26 см
371##$aДокумент не является опубликованным и широко распространяемым
105##$ay###
1222#$ad
5171#$aДело о выдаче артистам за расходы, сделанные прибывших в пользу их спектаклях. 10 января 1823 г. - 18 февраля 1824 г
035##$a8effafe2-9ebe-440d-a70b-0542d57b2900
856##$uhttp://readingroom.main.prlib.ru/item.aspx?id_node=n121028637&mode=full
Формат отображения